Child development and education today : (Record no. 122853)

MARC details
000 -LEADER
fixed length control field 00845nam a22002657a 4500
003 - CONTROL NUMBER IDENTIFIER
control field 0
005 - DATE AND TIME OF LATEST TRANSACTION
control field 20180726122851.0
008 - FIXED-LENGTH DATA ELEMENTS--GENERAL INFORMATION
fixed length control field 0
010 ## - LIBRARY OF CONGRESS CONTROL NUMBER
LC control number A-943901
020 ## - INTERNATIONAL STANDARD BOOK NUMBER
Terms of availability 00
International Standard Book Number 8176290955
035 ## - SYSTEM CONTROL NUMBER
System control number A-943901, A-943903
037 ## - SOURCE OF ACQUISITION
Source of stock number/acquisition Cen Lib/Ret
040 ## - CATALOGING SOURCE
Original cataloging agency DPL
Language of cataloging EN
Transcribing agency 0
082 ## - DEWEY DECIMAL CLASSIFICATION NUMBER
Classification number 305.231
Item number MOH
100 ## - MAIN ENTRY--PERSONAL NAME
Personal name Mohanty, Jagannath
9 (RLIN) 106733
245 ## - TITLE STATEMENT
Title Child development and education today :
Statement of responsibility, etc by Jagannath Mohanty
Remainder of title Literature, art, media and materials /
246 ## - VARYING FORM OF TITLE
Remainder of title
260 ## - PUBLICATION, DISTRIBUTION, ETC. (IMPRINT)
Name of publisher, distributor, etc Deep & Deep Publications
Date of publication, distribution, etc 1998
Place of publication, distribution, etc New Delhi
270 ## - ADDRESS
City New Delhi
Address F-159, rajouri garden
Postal code 110027
300 ## - PHYSICAL DESCRIPTION
Extent xxiii, 459p.
Dimensions 21cm(Hb)
500 ## - GENERAL NOTE
General note includes bibliographical references and index
650 ## - SUBJECT ADDED ENTRY--TOPICAL TERM
Topical term or geographic name as entry element Growth & Development
9 (RLIN) 2693
650 ## - SUBJECT ADDED ENTRY--TOPICAL TERM
Topical term or geographic name as entry element Health Care Environment
General subdivision
9 (RLIN) 2694
942 ## - ADDED ENTRY ELEMENTS (KOHA)
Source of classification or shelving scheme Dewey Decimal Classification
Koha item type English Books
Classification part 305231
Call number suffix MOH
Holdings
Withdrawn status Lost status Damaged status Not for loan Collection code Home library Current library Date acquired Source of acquisition Cost, normal purchase price Total Checkouts Full call number Barcode Date last seen Copy number Cost, replacement price Price effective from Koha item type Source of classification or shelving scheme
      Not For Loan Reference Central Library Central Library 30/05/2015 Cen Lib/Ret 0.00   305.231 MOH A-943901 30/05/2015 1 0.00 30/05/2015 English Books  
      Not For Loan Reference Central Library Central Library 01/06/2015 Cen Lib/Ret 0.00   305.231 MOH A-943902 01/06/2015 1 0.00 15/09/2016 English Books  
        Non-fiction Patel Nagar Patel Nagar 26/07/2018 BPPD/PUB 0.00   305.231 MOH A-943903 26/07/2018   0.00 26/07/2018 English Books Dewey Decimal Classification

© Delhi Public Library
Hit Counter
free hit counter